[Event "CHI-ch"]
[Site "Valdivia"]
[Date "2016.03.05"]
[Round "10"]
[White "Montero Martinez, Cristian"]
[Black "Richter Becerra, Hans"]
[Result "1/2-1/2"]
[WhiteElo "2107"]
[BlackElo "2127"]
[PlyCount "37"]
[EventDate "2016.02.29"]
[EventType "tourn"]
[EventRounds "11"]
[EventCountry "CHI"]
[SourceTitle "CBM 171 Extra"]
[Source "ChessBase"]
[SourceDate "2016.04.26"]
[SourceVersion "1"]
[SourceVersionDate "2016.04.26"]
[SourceQuality "1"]

1. e4 e6 2. d3 d5 3. Nd2 c5 4. Ngf3 Nc6 5. g3 Bd6 6. Bg2 Nge7 7. 0-0 0-0 8. Nh4 f6 9. f4 Bd7 10. f5 Qc7 11. fxe6 Bxe6 12. exd5 Nxd5 13. Ne4 Be5 14. c3 b6 15. Nf5 Rad8 16. Qe2 Qd7 17. g4 Kh8 18. h3 Rfe8 19. Nh4 1/2-1/2

[Event "CHI-ch"]
[Site "Valdivia"]
[Date "2016.03.01"]
[Round "3"]
[White "Abarca Gonzalez, Nicolas"]
[Black "Richter Becerra, Hans"]
[Result "1-0"]
[WhiteElo "2391"]
[BlackElo "2127"]
[PlyCount "85"]
[EventDate "2016.02.29"]
[EventType "tourn"]
[EventRounds "11"]
[EventCountry "CHI"]
[SourceTitle "CBM 171 Extra"]
[Source "ChessBase"]
[SourceDate "2016.04.26"]
[SourceVersion "1"]
[SourceVersionDate "2016.04.26"]
[SourceQuality "1"]

1. e4 e5 2. Qh5 Nc6 3. Bc4 Qe7 4. Nc3 Nf6 5. Qd1 Qd8 6. Nf3 Bb4 7. 0-0 d6 8. a3 Bc5 9. b4 Bb6 10. h3 a6 11. d3 h6 12. Ne2 Be6 13. Bxe6 fxe6 14. c4 0-0 15. Qb3 Nd4 16. Nfxd4 Bxd4 17. Nxd4 exd4 18. c5 Qe7 19. Qc4 dxc5 20. bxc5 Nd7 21. a4 Rfd8 22. Ba3 Ne5 23. Qb3 c6 24. f4 Nf7 25. Rab1 Rd7 26. Qc4 Kh8 27. Bc1 Re8 28. Rb2 Qh4 29. Rbf2 Kh7 30. Kh2 Qd8 31. Qc2 Qa5 32. Bd2 Qd8 33. g4 Qc7 34. Kg2 Rg8 35. h4 g5 36. hxg5 hxg5 37. Rh1+ Kg7 38. fxg5 Rh8 39. Qd1 Rxh1 40. Qxh1 Rd8 41. g6 Kxg6 42. Rxf7 Qxf7 43. Qh6# 1-0

[Event "Asuncion zt 2.5"]
[Site "Asuncion"]
[Date "2011.05.24"]
[Round "9"]
[White "Richter Becerra, Hans"]
[Black "Roman, Rodrigo"]
[Result "0-1"]
[WhiteElo "2148"]
[BlackElo "1986"]
[PlyCount "114"]
[EventDate "2011.05.16"]
[EventType "swiss"]
[EventRounds "9"]
[EventCountry "PAR"]
[SourceTitle "CBM 142 Extra"]
[Source "ChessBase"]
[SourceDate "2011.06.27"]
[SourceVersion "1"]
[SourceVersionDate "2011.06.27"]
[SourceQuality "1"]

1. e4 d6 2. d4 Nf6 3. Nc3 g6 4. Be3 c6 5. a4 b6 6. h3 Bb7 7. Nf3 a6 8. e5 dxe5 9. dxe5 Nd5 10. Nxd5 cxd5 11. Qd4 Nc6 12. Qf4 Bg7 13. c3 0-0 14. Bd3 f6 15. exf6 exf6 16. 0-0 Ne5 17. Be2 Rc8 18. Qb4 Re8 19. Qxb6 Qd7 20. Rfd1 Rb8 21. Qd4 f5 22. Nxe5 Bxe5 23. Qd2 Qc7 24. Bf3 d4 25. Bxd4 Bh2+ 26. Kh1 Bxf3 27. gxf3 Bf4 28. Qd3 Qc6 29. Rg1 Rxb2 30. Rab1 Rd2 31. Rb6 Qxb6 32. Qxd2 Bxd2 33. Bxb6 Bxc3 34. Rc1 Re1+ 35. Rxe1 Bxe1 36. Kg2 Kf7 37. Kf1 Bb4 38. Ke2 Ke6 39. Kd3 Kd5 40. Be3 Bc5 41. Kc3 Bxe3 42. fxe3 g5 43. Kd3 h5 44. a5 Ke5 45. Ke2 h4 46. Kf2 Kd5 47. Ke2 Kc4 48. e4 f4 49. Kd2 Kb4 50. Kd3 Kxa5 51. e5 Kb6 52. Ke4 Kc6 53. Kf5 Kd7 54. Kf6 Ke8 55. Ke6 a5 56. Kd5 a4 57. Kc4 g4 0-1

[Event "Asuncion zt 2.5"]
[Site "Asuncion"]
[Date "2011.05.17"]
[Round "2"]
[White "Roselli Mailhe, Bernardo"]
[Black "Richter Becerra, Hans"]
[Result "1/2-1/2"]
[WhiteElo "2437"]
[BlackElo "2148"]
[PlyCount "125"]
[EventDate "2011.05.16"]
[EventType "swiss"]
[EventRounds "9"]
[EventCountry "PAR"]
[SourceTitle "CBM 142 Extra"]
[Source "ChessBase"]
[SourceDate "2011.06.27"]
[SourceVersion "1"]
[SourceVersionDate "2011.06.27"]
[SourceQuality "1"]

1. d4 Nf6 2. c4 e6 3. Nf3 d5 4. Nc3 Be7 5. Bg5 h6 6. Bh4 0-0 7. Rc1 b6 8. cxd5 Nxd5 9. Bxe7 Qxe7 10. Nxd5 exd5 11. g3 c6 12. Bg2 Bb7 13. 0-0 Nd7 14. Re1 Qd6 15. Qd2 Rfe8 16. Qf4 Qxf4 17. gxf4 Rad8 18. Bh3 Nb8 19. e3 Bc8 20. Bf1 Rd6 21. Bd3 Ba6 22. Red1 Rc8 23. b4 Bxd3 24. Rxd3 Nd7 25. Ne5 f6 26. Ng6 Kf7 27. f5 Nf8 28. Nf4 g5 29. Ne2 Rd7 30. Nc3 Rdc7 31. a4 Nd7 32. Rd2 Ke7 33. Kg2 a6 34. Kf3 Kf7 35. Rdc2 c5 36. Nxd5 Rc6 37. bxc5 bxc5 38. a5 cxd4 39. Rxc6 Rxc6 40. Rxc6 Ne5+ 41. Ke4 Nxc6 42. exd4 Nxa5 43. Nb4 Nb7 44. Kd5 a5 45. Nc2 Ke7 46. Kc6 Nd6 47. Ne3 Ne4 48. Nc4 a4 49. d5 a3 50. Nxa3 Nd6 51. Nb5 Nxf5 52. Kc7 g4 53. d6+ Nxd6 54. Nxd6 Ke6 55. Kc6 f5 56. Kc5 f4 57. Nc4 Kf5 58. Kd4 g3 59. fxg3 fxg3 60. Ne3+ Kf4 61. hxg3+ Kxg3 62. Nf5+ Kf4 63. Nxh6 1/2-1/2

[Event "BCF-chT2c 0910 (4NCL) Promotion pool"]
[Site "England"]
[Date "2010.05.03"]
[Round "11.1"]
[White "Richter Becerra, Hans"]
[Black "McMichael, Richard"]
[Result "1/2-1/2"]
[WhiteElo "2187"]
[BlackElo "2286"]
[PlyCount "42"]
[EventDate "2009.10.24"]
[EventType "team-tourn"]
[EventRounds "4"]
[EventCountry "ENG"]
[SourceTitle "EXT 2010"]
[Source "ChessBase"]
[SourceDate "2010.11.25"]
[SourceVersion "1"]
[SourceVersionDate "2010.11.25"]
[SourceQuality "1"]
[WhiteTeam "Poisoned Pawns II"]
[BlackTeam "Kings Head"]
[WhiteTeamCountry "ENG"]
[BlackTeamCountry "ENG"]

1. d4 e6 2. c4 f5 3. g3 Nf6 4. Bg2 c6 5. Nf3 d5 6. 0-0 Bd6 7. b3 Qe7 8. a4 a5 9. Ba3 Bxa3 10. Nxa3 0-0 11. Nc2 Bd7 12. Nce1 Be8 13. Nd3 Bh5 14. Nfe5 Nbd7 15. Qc2 g5 16. e3 Bg6 17. f4 g4 18. Nxd7 Nxd7 19. c5 h5 20. Rfb1 h4 21. b4 axb4 1/2-1/2

[Event "BCF-chT2c 0910 (4NCL) Promotion pool"]
[Site "England"]
[Date "2010.05.02"]
[Round "10.1"]
[White "Croad, Nicholas"]
[Black "Richter Becerra, Hans"]
[Result "1-0"]
[WhiteElo "2288"]
[BlackElo "2187"]
[PlyCount "75"]
[EventDate "2009.10.24"]
[EventType "team-tourn"]
[EventRounds "4"]
[EventCountry "ENG"]
[SourceTitle "EXT 2010"]
[Source "ChessBase"]
[SourceDate "2010.11.25"]
[SourceVersion "1"]
[SourceVersionDate "2010.11.25"]
[SourceQuality "1"]
[WhiteTeam "AMCA Dragons"]
[BlackTeam "Poisoned Pawns II"]
[WhiteTeamCountry "ENG"]
[BlackTeamCountry "ENG"]

1. d4 d5 2. c4 e6 3. Nc3 Be7 4. cxd5 exd5 5. Nf3 Nf6 6. Bg5 c6 7. e3 Bf5 8. Bxf6 Bxf6 9. Bd3 Bxd3 10. Qxd3 Nd7 11. b4 a6 12. a4 0-0 13. 0-0 Re8 14. b5 a5 15. Rab1 Nb6 16. Rfc1 Rc8 17. bxc6 bxc6 18. Ne2 Nc4 19. Nd2 Nxd2 20. Qxd2 Be7 21. Nf4 Bb4 22. Qd1 Bd6 23. Nd3 Re6 24. g3 Qg5 25. Qf1 h5 26. Rb6 Qd8 27. Rbxc6 Rxc6 28. Rxc6 h4 29. Nc5 Bxc5 30. Rxc5 hxg3 31. hxg3 Qg5 32. Qg2 Rd6 33. Qf3 Qg6 34. Rc8+ Kh7 35. Qh1+ Qh6 36. Qxh6+ Kxh6 37. Rc5 Rb6 38. Rxd5 1-0

[Event "Uxbridge op"]
[Site "Uxbridge"]
[Date "2010.03.20"]
[Round "3"]
[White "Richter Becerra, Hans"]
[Black "Doci, Stefan"]
[Result "1/2-1/2"]
[WhiteElo "2187"]
[BlackElo "2071"]
[PlyCount "44"]
[EventDate "2010.03.19"]
[EventType "swiss"]
[EventRounds "5"]
[EventCountry "ENG"]
[SourceTitle "CBM 135 Extra"]
[Source "ChessBase"]
[SourceDate "2010.05.04"]
[SourceVersion "1"]
[SourceVersionDate "2010.05.04"]
[SourceQuality "1"]

1. d4 c6 2. c4 d5 3. Nf3 Nf6 4. Nc3 g6 5. e3 Bg7 6. Qb3 0-0 7. Bd2 a6 8. Rc1 e6 9. Bd3 dxc4 10. Bxc4 b5 11. Be2 Bb7 12. a4 Nbd7 13. 0-0 Rb8 14. Rfd1 Qb6 15. Be1 b4 16. a5 Qxa5 17. Ra1 Qh5 18. Qxb4 c5 19. Qa5 Rfc8 20. Na4 cxd4 21. Qxh5 Nxh5 22. Nxd4 Nhf6 1/2-1/2

[Event "Uxbridge Alekhine"]
[Site "Uxbridge"]
[Date "2010.02.14"]
[Round "3"]
[White "Rudd, Jack"]
[Black "Richter Becerra, Hans"]
[Result "1-0"]
[WhiteElo "2286"]
[BlackElo "2165"]
[PlyCount "69"]
[EventDate "2010.02.13"]
[EventType "tourn"]
[EventRounds "9"]
[EventCountry "ENG"]
[EventCategory "2"]
[SourceTitle "CBM 135 Extra"]
[Source "ChessBase"]
[SourceDate "2010.05.04"]
[SourceVersion "1"]
[SourceVersionDate "2010.05.04"]
[SourceQuality "1"]

1. d4 d5 2. c4 c6 3. Nf3 Nf6 4. Nc3 e6 5. Bg5 h6 6. Bxf6 Qxf6 7. e3 Nd7 8. Bd3 dxc4 9. Bxc4 g6 10. 0-0 Bg7 11. b4 0-0 12. b5 c5 13. Rc1 cxd4 14. exd4 Nb6 15. Bb3 Rd8 16. Qe2 Nd5 17. Ne4 Qe7 18. Ne5 Bd7 19. Nc5 Be8 20. f4 Rac8 21. a4 b6 22. Ncd3 Rxc1 23. Rxc1 Bxe5 24. fxe5 Qg5 25. Bxd5 Rxd5 26. Qf2 Qg4 27. Nf4 Rd8 28. h3 Qf5 29. Qe3 Kg7 30. g4 Qg5 31. Rc7 Rd7 32. Rc8 Qe7 33. Qe4 Qb4 34. Rxe8 Rxd4 35. Nxe6+ 1-0

[Event "BCF-chT4 0708 (4NCL)"]
[Site "England"]
[Date "2008.02.10"]
[Round "6.1"]
[White "Savage, Nicholas W"]
[Black "Richter Becerra, Hans"]
[Result "0-1"]
[WhiteElo "2105"]
[BlackElo "2144"]
[PlyCount "38"]
[EventDate "2007.09.15"]
[EventType "team-swiss"]
[EventRounds "11"]
[EventCountry "ENG"]
[SourceTitle "EXT 2009"]
[Source "ChessBase"]
[SourceDate "2008.11.26"]
[SourceVersion "1"]
[SourceVersionDate "2008.11.26"]
[SourceQuality "1"]
[WhiteTeam "Anglian Avengers II"]
[BlackTeam "Poisoned Pawns II"]
[WhiteTeamCountry "ENG"]
[BlackTeamCountry "ENG"]

1. d4 d5 2. c4 e6 3. Nc3 c6 4. e3 Nf6 5. Nf3 Nbd7 6. Bd3 dxc4 7. Bxc4 b5 8. Bd3 a6 9. e4 c5 10. e5 cxd4 11. Nxb5 axb5 12. exf6 gxf6 13. Nxd4 Bb7 14. Qg4 Ra4 15. 0-0 Bc5 16. Qg7 Ke7 17. Nf5+ exf5 18. Re1+ Kd6 19. Qxf7 Qg8 0-1